Report of the ASEAN Seminar on Tropical Rainforest Management, 7-10 November, 1977, Kuantan, Malaysia; v. I & II

Bibliographic Details
Corporate Author: ASEAN Seminar on Tropical Rainforest Management
Format: Book
Published: [s. d. : s. l. , 1977)
Subjects:

MARC

LEADER 00000cam a2200000 7i4500
001 0000001538
005 20010730.0
090 0 0 |a 333.750959   |b ASE [1977] 
110 1 0 |a ASEAN Seminar on Tropical Rainforest Management   |k 1977   |j Kuantan, Malaysia 
245 1 0 |a Report of the ASEAN Seminar on Tropical Rainforest Management, 7-10 November, 1977, Kuantan, Malaysia; v. I & II 
260 0 0 |a [s. d. :   |b s. l. ,   |c 1977) 
300 |a v. p. ;   |c 30 cm. 
500 0 0 |a Includes bibliographies 
650 0 0 |a Rain forest   |z Asia, Southeastern 
998 |a JPSM 
999 |a 0000002944   |b Monograph   |c Open Shelf   |e Default branch 
999 |a 0000002945   |b Monograph   |c Open Shelf   |e Default branch